BUKU NOTA KAFA AMALI SOLAT / (Record no. 203886)
[ view plain ]
| 000 -LEADER | |
|---|---|
| fixed length control field | 00987nam a2200265 i 4500 |
| 005 - DATE AND TIME OF LATEST TRANSACTION | |
| control field | 20260416125339.0 |
| 008 - FIXED-LENGTH DATA ELEMENTS--GENERAL INFORMATION | |
| fixed length control field | 260416s2025 my ao br 000 0bmay d |
| 020 ## - INTERNATIONAL STANDARD BOOK NUMBER | |
| International Standard Book Number | 9786299941699 |
| Terms of availability | RM30.00 |
| Qualifying information | paperback |
| 040 ## - CATALOGING SOURCE | |
| Original cataloging agency | PPAK |
| Language of cataloging | eng |
| Transcribing agency | PPAK |
| Description conventions | rda |
| 082 04 - DEWEY DECIMAL CLASSIFICATION NUMBER | |
| Edition number | 23 |
| Classification number | 297.3822 |
| 090 00 - LOCALLY ASSIGNED LC-TYPE CALL NUMBER (OCLC); LOCAL CALL NUMBER (RLIN) | |
| Classification number (OCLC) (R) ; Classification number, CALL (RLIN) (NR) | 297.3822 |
| Feature heading | BUK |
| Feature heading | K |
| 245 00 - TITLE STATEMENT | |
| Title | BUKU NOTA KAFA AMALI SOLAT / |
| Statement of responsibility, etc. | Penyusun: Muhammad Amar Mirza Bin Abd Kadir Jailani ; Editor: Team BeDaie |
| 264 #1 - PRODUCTION, PUBLICATION, DISTRIBUTION, MANUFACTURE, AND COPYRIGHT NOTICE | |
| Place of production, publication, distribution, manufacture | Kota Bharu, Kelantan : |
| Name of producer, publisher, distributor, manufacturer | Dakwah Digital Network, |
| Date of production, publication, distribution, manufacture, or copyright notice | 2025 |
| 300 ## - PHYSICAL DESCRIPTION | |
| Extent | 38 pages, 32 unnumbered pages : |
| Other physical details | colour illustrations, colour photographs ; |
| Dimensions | 21 cm |
| 336 ## - CONTENT TYPE | |
| Content type term | text |
| Source | rdacontent |
| 337 ## - MEDIA TYPE | |
| Media type term | unmediated |
| Source | rdamedia |
| 338 ## - CARRIER TYPE | |
| Carrier type term | volume |
| Source | rdacarrier |
| 500 ## - GENERAL NOTE | |
| General note | Contains verses from the Qur'an. |
| 650 10 - SUBJECT ADDED ENTRY--TOPICAL TERM | |
| Topical term or geographic name entry element | Salat |
| Topical term or geographic name entry element | Prayer |
| General subdivision | Islam |
| Topical term or geographic name entry element | Pillars of Islam |
| 700 0# - ADDED ENTRY--PERSONAL NAME | |
| Personal name | Muhammad Amar Mirza Bin Abd Kadir Jailani, |
| Relator term | editor. |
| 710 2# - ADDED ENTRY--CORPORATE NAME | |
| Corporate name or jurisdiction name as entry element | Team BeDaie, |
| Relator term | editor. |
| 942 ## - ADDED ENTRY ELEMENTS (KOHA) | |
| Source of classification or shelving scheme | Dewey Decimal Classification |
| Koha item type | Book |
| Withdrawn | Not for loan | Current library | Shelving location | Date acquired | Total Checkouts | Full call number | Barcode | Date last seen | Koha item type |
|---|---|---|---|---|---|---|---|---|---|
| Perpustakaan Alor Setar | Pinjaman Kanak-kanak | 21/04/2026 | K 297.3822 BUK | A01905378 | 21/04/2026 | Book | |||
| Perpustakaan Awam Sungai Petani | Pinjaman Kanak-kanak | 21/04/2026 | K 297.3822 BUK | A01905379 | 21/04/2026 | Book | |||
| Perpustakaan Baling | Pinjaman Kanak-kanak | 21/04/2026 | K 297.3822 BUK | A01905383 | 21/04/2026 | Book | |||
| Perpustakaan Bandar Baharu | Pinjaman Kanak-kanak | 21/04/2026 | K 297.3822 BUK | A01905384 | 21/04/2026 | Book | |||
| Perpustakaan Jitra | Pinjaman Kanak-kanak | 21/04/2026 | K 297.3822 BUK | A01905380 | 21/04/2026 | Book | |||
| Perpustakaan Kuala Nerang | Pinjaman Kanak-kanak | 21/04/2026 | K 297.3822 BUK | A01905388 | 21/04/2026 | Book | |||
| Perpustakaan Kulim | Pinjaman Kanak-kanak | 21/04/2026 | K 297.3822 BUK | A01905382 | 21/04/2026 | Book | |||
| Perpustakaan Langkawi | Pinjaman Kanak-kanak | 21/04/2026 | K 297.3822 BUK | A01905381 | 21/04/2026 | Book | |||
| Perpustakaan Merbok | Pinjaman Kanak-kanak | 21/04/2026 | K 297.3822 BUK | A01905385 | 21/04/2026 | Book | |||
| Perpustakaan Pendang | Pinjaman Kanak-kanak | 21/04/2026 | K 297.3822 BUK | A01905389 | 21/04/2026 | Book | |||
| Perpustakaan Sik | Pinjaman Kanak-kanak | 21/04/2026 | K 297.3822 BUK | A01905387 | 21/04/2026 | Book | |||
| Perpustakaan Yan | Pinjaman Kanak-kanak | 21/04/2026 | K 297.3822 BUK | A01905386 | 21/04/2026 | Book | |||
| PD07, Kg. Jelutong, Sik | Pinjaman Kanak-kanak | 21/04/2026 | K 297.3822 BUK | A01905390 | 21/04/2026 | Book | |||
| PD12, Kg. Padang, Baling | Pinjaman Kanak-kanak | 21/04/2026 | K 297.3822 BUK | A01905391 | 21/04/2026 | Book | |||
| PD29, Kg. Gajah Putih, Sik | Pinjaman Kanak-kanak | 21/04/2026 | K 297.3822 BUK | A01905392 | 21/04/2026 | Book | |||
| PD35, Kg. Sungai Daun, Yan | Pinjaman Kanak-kanak | 21/04/2026 | K 297.3822 BUK | A01905393 | 21/04/2026 | Book |